000 00238nam a2200097Ia 4500
001 1056771
005 20250827001407.0
008 250824s9999 xx 000 0 und d
245 0 _aBÖRÜ 2
_cÇAĞLAYAN YILMAZ
260 _bPANAMA YAYINLARI
999 _c1056771
_d1056771